The poverty regime in village India (Record no. 6290)

MARC details
000 -LEADER
fixed length control field 00815 a2200205 4500
005 - DATE AND TIME OF LATEST TRANSACTION
control field 2008082608228.0
008 - FIXED-LENGTH DATA ELEMENTS--GENERAL INFORMATION
fixed length control field 080826t xxu||||| |||| 00| 0 eng d
010 ## - LIBRARY OF CONGRESS CONTROL NUMBER
LC control number ENG-87216
020 ## - INTERNATIONAL STANDARD BOOK NUMBER
International Standard Book Number 0195690834
Terms of availability 795.00
035 ## - SYSTEM CONTROL NUMBER
System control number EN-70749
037 ## - SOURCE OF ACQUISITION
Source of stock number/acquisition DBAD / PUB
082 ## - DEWEY DECIMAL CLASSIFICATION NUMBER
Classification number 331.763095443
100 ## - MAIN ENTRY--PERSONAL NAME
Personal name Breman, Jan
245 ## - TITLE STATEMENT
Title The poverty regime in village India
Statement of responsibility, etc by Jan Breman
260 ## - PUBLICATION, DISTRIBUTION, ETC. (IMPRINT)
Place of publication, distribution, etc New Delhi
Name of publisher, distributor, etc Oxford University Press
Date of publication, distribution, etc 2007
270 ## - ADDRESS
Address YMCA Library Building, Jai Singh Road
City New Delhi
Postal code 110 001
300 ## - PHYSICAL DESCRIPTION
Extent xviii, 458 p.
Other physical details B & W photos
Dimensions 22 cm (Hb.)
942 ## - ADDED ENTRY ELEMENTS (KOHA)
Institution code [OBSOLETE] dpl
Koha item type English Books
Call number prefix 331.763095443/BRE
Source of classification or shelving scheme Dewey Decimal Classification
Classification part 331.763095443
Call number suffix BRE
Holdings
Withdrawn status Lost status Damaged status Not for loan Home library Current library Date acquired Cost, normal purchase price Total Checkouts Full call number Barcode Date last seen Copy number Uniform Resource Identifier Cost, replacement price Price effective from Koha item type
        D.B.Act.Division D.B.Act.Division 26/08/2008 795.00   331.763095443 BRE EN-70749 15/09/2008 1 6770 795.00 15/09/2008 English Books

© Delhi Public Library
Hit Counter
free hit counter